Being & race : Black writing since 1970 /

Bibliographic Details
Main Author: Johnson, Charles, 1948-
Format: Book
Language:English
Published: Bloomington : Indiana University Press, [1988]
Subjects:

MARC

Tag First Indicator Second Indicator Subfields
LEADER 00000cam a2200000 a 4500
001 in00000016205
005 20151007052717.0
008 870610s1988 inu b s00110 eng
010 |a  86046405  
020 |a 0253311659 
035 |a (OCoLC)16094160 
035 |9 AAA8891AM 
040 |a DLC  |c DLC  |d UtOrBLW 
043 |a n-us--- 
049 |a TXAM  |c [A11062868] 
050 0 0 |a PS153.N5  |b J63 1988 
082 0 |a 810/.9/896073  |2 19 
100 1 |a Johnson, Charles,  |d 1948- 
245 1 0 |a Being & race :  |b Black writing since 1970 /  |c Charles Johnson. 
264 1 |a Bloomington :  |b Indiana University Press,  |c [1988] 
264 4 |c ©1988 
300 |a x, 132 pages ;  |c 25 cm. 
336 |a text  |b txt  |2 rdacontent 
337 |a unmediated  |b n  |2 rdamedia 
338 |a volume  |b nc  |2 rdacarrier 
504 |a Bibliography: pages [125]-126. 
500 |a Includes index. 
650 0 |a American literature  |x African American authors  |x History and criticism. 
650 0 |a American literature  |y 20th century  |x History and criticism. 
650 0 |a African Americans in literature. 
650 0 |a Phenomenology and literature. 
740 0 |a Being and race. 
999 |a MARS 
999 f f |s 4a72fb75-36cf-3220-9e07-d85e8aefef3f  |i 09186f18-0ca7-3bdb-8c2e-17fae2324bdf  |t 0 
952 f f |p normal  |a Texas A&M University  |b College Station  |c Sterling C. Evans Library  |d Evans: Library Stacks  |t 0  |e PS153.N5 J63 1988  |h Library of Congress classification  |i unmediated -- volume  |m A14811062868 
998 f f |a PS153.N5 J63 1988  |t 0  |l Evans: Library Stacks